The giving tree / (Record no. 20952)

MARC details
000 -LEADER
fixed length control field 01382cam a2200433 4500
001 - CONTROL NUMBER
control field sjds1114361
003 - CONTROL NUMBER IDENTIFIER
control field sjds
005 - DATE AND TIME OF LATEST TRANSACTION
control field 20180623110426.0
008 - FIXED-LENGTH DATA ELEMENTS--GENERAL INFORMATION
fixed length control field 751126t19921964nyua b 000 1 eng
010 ## - LIBRARY OF CONGRESS CONTROL NUMBER
LC control number 64011840
020 ## - INTERNATIONAL STANDARD BOOK NUMBER
International Standard Book Number 0060256664 (lib. bdg.)
020 ## - INTERNATIONAL STANDARD BOOK NUMBER
International Standard Book Number 9780060256661 (lib. bdg.)
020 ## - INTERNATIONAL STANDARD BOOK NUMBER
International Standard Book Number 9780060256654 (hard)
020 ## - INTERNATIONAL STANDARD BOOK NUMBER
International Standard Book Number 0060256664
Terms of availability $17.89
035 ## - SYSTEM CONTROL NUMBER
System control number 76377
035 ## - SYSTEM CONTROL NUMBER
System control number (OCoLC)00411623
035 ## - SYSTEM CONTROL NUMBER
System control number 76377
040 ## - CATALOGING SOURCE
Modifying agency UtOrBLW
Transcribing agency sjds
041 ## - LANGUAGE CODE
Language code of text/sound track or separate title eng
049 ## - LOCAL HOLDINGS (OCLC)
Holding library IFAA
099 ## - LOCAL FREE-TEXT CALL NUMBER (OCLC)
Filing suffix 1992
999 ## - SYSTEM CONTROL NUMBERS (KOHA)
Koha Dewey Subclass [OBSOLETE] PICTURE BOOKS SILVERSTEIN 1992
100 1# - MAIN ENTRY--PERSONAL NAME
Personal name Silverstein, Shel,
Relator term author.
245 14 - TITLE STATEMENT
Title The giving tree /
Statement of responsibility, etc. Shel Silverstein.
260 ## - PUBLICATION, DISTRIBUTION, ETC. (IMPRINT)
Place of publication, distribution, etc. New York, N.Y. :
Name of publisher, distributor, etc. Harper & Row,
Date of publication, distribution, etc. [1992], c1964
264 #1 - PRODUCTION, PUBLICATION, DISTRIBUTION, MANUFACTURE, AND COPYRIGHT NOTICE
Place of production, publication, distribution, manufacture New York, N.Y. :
Name of producer, publisher, distributor, manufacturer Harper & Row,
Date of production, publication, distribution, manufacture, or copyright notice [1992]
264 #4 - PRODUCTION, PUBLICATION, DISTRIBUTION, MANUFACTURE, AND COPYRIGHT NOTICE
Date of production, publication, distribution, manufacture, or copyright notice c1964
300 ## - PHYSICAL DESCRIPTION
Extent 57 unnumbered pages :
Other physical details illustrations ;
Dimensions 23 cm
336 ## - CONTENT TYPE
Content type term text
Content type code txt
Source rdacontent
337 ## - MEDIA TYPE
Media type term unmediated
Media type code n
Source rdamedia
338 ## - CARRIER TYPE
Carrier type term volume
Carrier type code nc
Source rdacarrier
500 ## - GENERAL NOTE
General note English version
500 ## - GENERAL NOTE
General note Some copies may have a 50th anniversary sticker.
520 0# - SUMMARY, ETC.
Summary, etc. A young boy grows to manhood and old age experiencing the love and generosity of a tree which gives to him without thought of return.
521 8# - TARGET AUDIENCE NOTE
Target audience note 530
Source Lexile
526 0# - STUDY PROGRAM INFORMATION NOTE
Program name Accelerated Reader
Interest level LG
Reading level 2.6
Title point value 0.5
Public note 5469
650 #0 - SUBJECT ADDED ENTRY--TOPICAL TERM
Topical term or geographic name as entry element Trees
Form subdivision Juvenile fiction.
942 ## - ADDED ENTRY ELEMENTS (KOHA)
Koha item type Libro/Book

No items available.

Powered by Koha